000 00396 a2200109 4500
001 ART_3329
005 20260410161714.0
008 260409a
245 1 0 _aLos movimientos de corto plazo en el mercado de trabajo urbano y la coyuntura de 1975-78 en la Argentina
100 1 _aBeccaria, Luis A.
773 0 _tDesarrollo económico
_g- Vol. 20, Nº 78 (jul./sep. 1980)
_wREV1174
999 _c16331
_d16331